Представление документа в формате RUSMARC

ПолеНазваниеЗначение
  Тип записи a
  Библиографический уровень m
001 Контрольный номер UONB/MAIN/7d8fee4652454e69be32bb5fef2bf359
005 Дата корректировки 20250520124538.0
010 Индекс ISBN __
b Уточнения в пер.
d Цена 1 р. 48 к.
9 Тираж 1000 экз.
100 Данные общей обработки __
a Данные общей обработки 20240320d1968 u y0rusy0189 ca
101 Язык документа 0_
a Язык текста rus
102 Страна публикации __
a Страна публикации RU
105 Кодированные данные (монография) __
a Кодированные данные (монография) a z 001yy
200 Заглавие и сведения об ответственности 1_
a Заглавие Производство металлоизделий промышленного назначения
e Сведения, относящиеся к заглавию сб. статей
f Первые сведения об ответственности М-о черной металлургии СССР, Главметиз, Науч.-исслед. ин-т метизной пром-сти
203 Вид содержания и тип средства __
a Вид содержания Текст
b Характеристика содержания визуальный
c Тип средства непосредственный
210 Выходные данные 1_
a Место издания Москва
c Издательство Металлургия
d Дата издания 1968
215 Физическое описание __
a Объем 184 с.
c Иллюстрации/тип воспроизводства ил.
d Формат 22 см
225 Серия 2_
a Серия Труды научно-исследовательского института метизной промышленности
v Обозначение тома сб. 2
320 Библиография __
a Библиография Библиогр. в конце ст.
606 Тематические рубрики 0_
a Основная рубрика Металлические изделия
x Основная подрубрика Производство
j Формальный подзаголовок Сборники
610 Ключевые слова 0_
a Ключевые слова металлические изделия; производство
675 Индекс УДК __
a Индекс УДК 6П4.8
686 Индексы других классификаций __
a Классификационный индекс 34
2 Код системы rubbk
712 Наименование организации (Вторичная ответственность) 02
a Организация/ юрисдикция Министерство черной металлургии СССР
b Другие уровни Главное управление промышленности металлоизделий
b Другие уровни Научно-исследовательский институт метизной промышленности
4 Код отношения 570
801 Источник записи _0
a Страна RU
b Организация Ульяновская ОНБ
c Дата составления 20240320
g Правила каталогизации RCR
801 Источник записи _1
a Страна RU
b Организация Ульяновская ОНБ
c Дата составления 20240320
g Правила каталогизации RCR
901 Тип документа __
t Тип документа m
909 Создатель записи __
a Создатель записи Полина
b Дата создания записи 20240320